| 000 | 00667nam a22002177a 4500 | ||
|---|---|---|---|
| 999 |
_c10205 _d10205 |
||
| 003 | AR-CdUCM | ||
| 008 | 190329b ||||| |||| 00| 0 spa d | ||
| 020 | _a978-612-4039-56-0 | ||
| 040 |
_aMUNICIPALIDAD PROVINCIAL DEL CUSCO _cBIBLIOTECA MUNICIPAL DEL CUSCO |
||
| 041 | _hspa | ||
| 082 |
_aEP / 376.1 _bM39 |
||
| 100 |
_aMejía, Luis José _926917 |
||
| 245 | _aJosefa y ¿quién dijo miedo? / | ||
| 260 |
_aLima : _bSantillana, _bAlfaguara, _c2010. |
||
| 300 |
_bilustraciones, _c22 cm. _a35 páginas ; |
||
| 650 |
_aCuento _94671 |
||
| 650 |
_aLibro infantil _924758 |
||
| 700 |
_aCastro, Ximena (Ilustradora) _926888 |
||
| 942 |
_2ddc _cLIBROS |
||
| 945 | _araen | ||